Normal view
MARC view
Entry Topical Term
001 - CONTROL NUMBER
- control field: 12399
003 - CONTROL NUMBER IDENTIFIER
- control field: BD-RjUL
005 - DATE AND TIME OF LATEST TRANSACTION
- control field: 20240318144944.0
008 - FIXED-LENGTH DATA ELEMENTS
- fixed length control field: 240318|| aca||aabn | a|a d
040 ## - CATALOGING SOURCE
- Original cataloging agency: BD-RjUL
- Transcribing agency: BD-RjUL
150 ## - HEADING--TOPICAL TERM
- Topical term or geographic name entry element: Urdu Litarature
- Form subdivision: Criticism
670 ## - SOURCE DATA FOUND
- Source citation: Work cat.: (BD-RjUL)83390: سرور، آل احمد،, Sarwar, Al Ahmad 1911-2002 12398, تنقىدى اشارے : معه اضافه / Tanqīdī ishāre : maʻah iẓāfah /, 1955